[Event "American op 44th"]
[Site "Los Angeles"]
[Date "2008.11.29"]
[Round "5"]
[White "Higgins, Sean K"]
[Black "Paulsen, Bryan S"]
[Result "0-1"]
[WhiteElo "2178"]
[BlackElo "2136"]
[PlyCount "140"]
[EventDate "2008.11.27"]
[EventType "swiss"]
[EventRounds "8"]
[EventCountry "USA"]
[SourceTitle "EXT 2024"]
[Source "ChessBase"]
[SourceDate "2023.10.10"]
[SourceVersion "1"]
[SourceVersionDate "2023.10.10"]
[SourceQuality "1"]

1. e4 d6 2. d4 Nf6 3. Nc3 g6 4. Be3 c6 5. Qd2 b5 6. Bd3 Nbd7 7. Nf3 Nb6 8. h3 a5 9. 0-0 Bg7 10. Bh6 0-0 11. Bxg7 Kxg7 12. Ne2 Qc7 13. e5 Nfd5 14. Ng3 h6 15. Rae1 Nc4 16. Qc1 f5 17. exf6+ Rxf6 18. Nh4 Nf4 19. Nhf5+ Bxf5 20. Nxf5+ gxf5 21. Qxf4 Raf8 22. Bxc4 bxc4 23. Re3 Qb7 24. b3 cxb3 25. axb3 R8f7 26. Ra1 Qb5 27. Rg3+ Kh7 28. Qd2 f4 29. c4 Qb6 30. Rf3 Rf5 31. d5 cxd5 32. Rxa5 dxc4 33. Rxf5 Rxf5 34. Qc2 e6 35. Qxc4 d5 36. Qc2 Kg7 37. g4 Rf7 38. Rc3 Qd4 39. Rd3 Qe4 40. Rc3 Qe5 41. Qd2 h5 42. gxh5 Qxh5 43. Qd4+ Kh7 44. Qd3+ Qg6+ 45. Kf1 Qxd3+ 46. Rxd3 Kg6 47. b4 Rb7 48. Rb3 Rb5 49. Ke2 e5 50. f3 Kg5 51. Rb1 Kh4 52. Kf2 e4 53. fxe4 dxe4 54. Rb3 e3+ 55. Kf3 Kg5 56. h4+ Kf5 57. h5 Ke5 58. h6 Rb6 59. b5 Rxh6 60. b6 Rh3+ 61. Ke2 f3+ 62. Kd3 e2 63. Rb1 Kf4 64. b7 Rh8 65. Kd2 Rb8 66. Ke1 Kg3 67. Kd2 Kg2 68. Ke1 Re8 69. b8Q f2+ 70. Kd2 Rxb8 0-1

[Event "American op 44th"]
[Site "Los Angeles"]
[Date "2008.11.27"]
[Round "1"]
[White "Higgins, Sean K"]
[Black "Kretchetov, Alexandre"]
[Result "1/2-1/2"]
[WhiteElo "2178"]
[BlackElo "2366"]
[PlyCount "105"]
[EventDate "2008.11.27"]
[EventType "swiss"]
[EventRounds "8"]
[EventCountry "USA"]
[SourceTitle "EXT 2024"]
[Source "ChessBase"]
[SourceDate "2023.10.10"]
[SourceVersion "1"]
[SourceVersionDate "2023.10.10"]
[SourceQuality "1"]

1. e4 g6 2. d4 c6 3. Nc3 d5 4. h3 Bg7 5. Nf3 Nh6 6. Bf4 f6 7. exd5 cxd5 8. Nb5 Na6 9. c4 Nf7 10. cxd5 Qxd5 11. Nc3 Qf5 12. Bh2 0-0 13. Bd3 Qe6+ 14. Ne2 Nb4 15. 0-0 Nxd3 16. Qxd3 Qb6 17. Nc3 Bf5 18. Qe2 Rad8 19. d5 e5 20. dxe6 Qxe6 21. Qxe6 Bxe6 22. Rfe1 Rfe8 23. b3 Rc8 24. Nb5 Bd7 25. Nbd4 Ng5 26. Rxe8+ Bxe8 27. Bf4 Nxf3+ 28. Nxf3 Bf8 29. Rc1 Rxc1+ 30. Bxc1 Bb5 31. Be3 a6 32. Nd4 Bd3 33. Ne6 Ba3 34. Nc5 Bb1 35. Nxb7 Bxa2 36. Nc5 Bxc5 37. Bxc5 Bxb3 38. Kf1 Kf7 39. Ke1 Ke6 40. Kd2 g5 41. Kc3 Bd5 42. g3 h5 43. h4 gxh4 44. gxh4 a5 45. Bb6 a4 46. Kb4 Bc6 47. Bd8 Ke5 48. Ka3 f5 49. Kb4 Kf4 50. Ka3 Kf3 51. Bb6 Kg2 52. Kb4 f4 53. Ka3 1/2-1/2

[Event "North American op 16th"]
[Site "Las Vegas"]
[Date "2006.12.27"]
[Round "3"]
[White "Bradford, Joseph M"]
[Black "Higgins, Sean K"]
[Result "1/2-1/2"]
[WhiteElo "2521"]
[BlackElo "2034"]
[PlyCount "94"]
[EventDate "2006.12.26"]
[EventType "swiss"]
[EventRounds "9"]
[EventCountry "USA"]
[SourceTitle "CBM 116 Extra"]
[Source "ChessBase"]
[SourceDate "2007.03.07"]
[SourceVersion "1"]
[SourceVersionDate "2007.03.07"]
[SourceQuality "1"]

1. Nf3 g6 2. d4 Bg7 3. g3 c5 4. Bg2 cxd4 5. Nxd4 Nc6 6. Nb3 Nf6 7. 0-0 0-0 8. e4 d6 9. h3 Be6 10. Nc3 Rc8 11. Nd5 Nd7 12. c3 Nb6 13. Re1 Nc4 14. Qe2 b5 15. a4 a6 16. axb5 axb5 17. Ra6 Qd7 18. Bg5 h6 19. Be3 Rfe8 20. Kh2 Qb7 21. Rea1 Ra8 22. Rxc6 Qxc6 23. Rxa8 Qxa8 24. Nc7 Qc6 25. Nxe8 Nxe3 26. Nxg7 Bxb3 27. Nf5 gxf5 28. Qxe3 fxe4 29. Bxe4 Qc5 30. Qxc5 dxc5 31. f4 Kg7 32. Kg2 Kf6 33. g4 e5 34. Kg3 exf4+ 35. Kxf4 Bc4 36. h4 b4 37. Bf5 Be2 38. g5+ hxg5+ 39. hxg5+ Ke7 40. Ke5 bxc3 41. bxc3 Bc4 42. Be4 Bb3 43. Bd3 Be6 44. c4 Bh3 45. Bf5 Bf1 46. Kd5 Bxc4+ 47. Kxc4 Kd6 1/2-1/2

[Event "US Amateur West-ch"]
[Site "Palo Verde"]
[Date "2003.05.25"]
[Round "4"]
[White "Lebovitz, Andrew"]
[Black "Higgins, Sean K"]
[Result "0-1"]
[WhiteElo "1894"]
[BlackElo "1667"]
[PlyCount "28"]
[EventDate "2003.05.24"]
[EventType "swiss"]
[EventRounds "6"]
[EventCountry "USA"]
[SourceTitle "EXT 2014"]
[Source "ChessBase"]
[SourceDate "2013.11.20"]
[SourceVersion "1"]
[SourceVersionDate "2013.11.20"]
[SourceQuality "1"]

1. e4 c5 2. Nc3 e6 3. f4 d5 4. Bb5+ Nc6 5. Bxc6+ bxc6 6. d3 Nf6 7. Nf3 Be7 8. 0-0 0-0 9. Kh1 Ba6 10. Rg1 c4 11. f5 cxd3 12. cxd3 dxe4 13. dxe4 Ng4 14. Qc2 Qd3 0-1